[Event "14th Euro Indiv 2013"]
[Site "Legnica POL"]
[Date "2013.05.05"]
[Round "1.30"]
[White "Khairullin,I"]
[Black "Schachinger,M"]
[Result "1-0"]
[WhiteElo "2657"]
[BlackElo "2443"]

1.d4 d5 2.c4 c6 3.Nf3 Nf6 4.Nc3 e6 5.Qb3 dxc4 6.Qxc4 b5 7.Qd3 Nbd7 8.e4 b4
9.Na4 Be7 10.Be3 O-O 11.Nd2 e5 12.dxe5 Nxe5 13.Qxd8 Rxd8 14.f3 Ne8 15.Nc4 Nxc4
16.Bxc4 Nd6 17.Bb3 Ba6 18.Bc5 Nc8 19.Rd1 Rxd1+ 20.Kxd1 Bb5 21.Bxe7 Nxe7 22.Nc5 Ng6
23.Kd2 Rd8+ 24.Ke3 Kf8 25.f4 Ke7 26.a4 bxa3 27.bxa3 Nh4 28.Rg1 Rb8 29.g3 Kd6
30.Rc1 Ng6 31.Bxf7 Rb6 32.e5+ Ke7 33.Bxg6 hxg6 34.a4  1-0

[Event "2nd Salento Open"]
[Site "Gallipoli ITA"]
[Date "2013.05.25"]
[Round "1"]
[White "Sachdev,T"]
[Black "Alkhaldi,Bader"]
[Result "1-0"]
[WhiteElo "2408"]
[BlackElo "1997"]

1.d4 d5 2.c4 c6 3.Nf3 Nf6 4.Nc3 e6 5.Qb3 Be7 6.Bf4 a6 7.e3 Nbd7 8.cxd5 cxd5
9.h3 b5 10.Rc1 Bb7 11.Bd3 Rc8 12.O-O O-O 13.Ne2 Qb6 14.Rc2 Rxc2 15.Qxc2 Rc8
16.Qb1 Ne4 17.Rd1 b4 18.Ne1 f5 19.Nf3 Bf6 20.Bh2 a5 21.Bc2 Ba6 22.Nf4 g5
23.Nd3 Bxd3 24.Bxd3 Qc6 25.Ne1 Nb6 26.Ba6 Rd8 27.Rc1 Nc4 28.Bxc4 dxc4 29.f3 Nd6
30.Nd3 Qd5 31.Ne5 f4 32.exf4 Qxd4+ 33.Kh1 Bxe5 34.fxe5 Nf5 35.Re1 Qd2 36.Qe4 c3
37.bxc3 bxc3 38.Rg1 c2 39.Qc6 Kf7 40.f4 Ne3 41.fxg5 Qd5 42.Qc3 Qd3 43.Qc7+ Rd7
44.Qc8 Nd1 45.Bf4 Nc3 46.g6+ Kxg6 47.Qg8+ Kf5 48.Re1 Qe2 49.Rxe2 Nxe2 50.Qg4+ Ke4
51.Qxe2+ Kxf4 52.Qxc2 Kxe5 53.Qc3+ Kf4 54.Qf6+ Kg3 55.Qf3+  1-0

[Event "2nd Salento Open"]
[Site "Gallipoli ITA"]
[Date "2013.05.27"]
[Round "4.20"]
[White "Agrifoglio,F"]
[Black "Minerba,Paolo"]
[Result "1-0"]
[WhiteElo "1965"]
[BlackElo "1874"]

1.d4 d5 2.c4 c6 3.Nc3 e6 4.Nf3 Nf6 5.Bf4 Qa5 6.Nd2 Bb4 7.Qc2 Nbd7 8.e3 O-O
9.Bd3 Re8 10.O-O Nf8 11.a3 Be7 12.b4 Qd8 13.h3 Ng6 14.Bh2 a6 15.c5 Nd7 16.f4 b6
17.cxb6 Nxb6 18.Nb3 Bd7 19.Qe2 Ra7 20.Rfc1 Bd6 21.Kh1 f6 22.Nc5 a5 23.bxa5 Rxa5
24.Nb7 Qa8 25.Nxd6 Rxa3 26.Qb2  1-0

[Event "40 Yrs Beer Sheva CC"]
[Site "Beer Sheva ISR"]
[Date "2013.05.29"]
[Round "10"]
[White "Nabaty,T"]
[Black "Postny,E"]
[Result "0-1"]
[WhiteElo "2579"]
[BlackElo "2637"]

1.c4 Nf6 2.Nc3 e6 3.Nf3 d5 4.d4 c6 5.Qb3 Be7 6.Bf4 O-O 7.e3 Nbd7 8.Rc1 a6
9.a4 Qa5 10.Nd2 Nh5 11.Bg3 Nxg3 12.hxg3 Nf6 13.Bd3 h6 14.O-O Rb8 15.e4 dxe4
16.Ndxe4 Qh5 17.Be2 Qg6 18.Bf3 Nxe4 19.Nxe4 f5 20.Nc3 c5 21.Qb6 cxd4 22.Nd5 Qe8
23.Nxe7+ Qxe7 24.Qxd4 e5 25.Bd5+ Kh8 26.Rfe1 Re8 27.Qb6 Bd7 28.a5 e4 29.Rc3 Be6
30.Bxe6 Qxe6 31.Rd1 Qf7 32.c5 f4 33.gxf4 Qxf4 34.Qd6 Qf7 35.Re3 Rbc8 36.b4 Rc6
37.Qd5 Qf4 38.Rde1 Rf6 39.f3 Re5 40.Qd8+ Rf8 41.Qd4 exf3 42.Qxf4 Rxf4 43.Rxe5 f2+
44.Kf1 fxe1=Q+ 45.Kxe1 Rxb4 46.Kd2 Rb5 47.Kc3 Rxa5 48.Kc4 Rb5 49.Re6 Kg8
50.Kd5 Kf7 51.Rd6 a5 52.Rd7+ Kf6 53.Rd8 a4 54.Ra8 b6 55.Rxa4 Rxc5+ 56.Ke4 b5
57.Ra6+ Kg5 58.Rb6 Kg4 59.Rd6 Kg3 60.Rd2 b4 61.Kd4  0-1

[Event "Grand Europe Open Albena"]
[Site "Albena BUL"]
[Date "2013.06.03"]
[Round "3.61"]
[White "Zalkind,K"]
[Black "Dimitrov,De"]
[Result "1/2-1/2"]
[WhiteElo "2211"]
[BlackElo "2029"]

1.d4 Nf6 2.c4 e6 3.Nf3 d5 4.Nc3 c6 5.Qb3 Nbd7 6.Bg5 h6 7.Bxf6 Qxf6 8.e3 g5
9.Be2 Bg7 10.Rc1 O-O 11.O-O b6 12.Rfd1 Bb7 13.e4 dxe4 14.Nxe4 Qf4 15.Ng3 Qd6
16.c5 Qc7 17.Nh5 Bh8 18.Qe3 Nf6 19.Ne5 Nd5 20.Qg3 f6 21.Ng6 Qxg3 22.Nxg3 Rfd8
23.Nxh8 Kxh8 24.Ne4 f5 25.Nd6 Rxd6 26.cxd6 Rd8 27.a3 Rxd6 28.Bf3 Nf6 29.b4 g4
30.Be2 b5 31.f3 h5 32.Kf2 Nd5 33.Bf1 Kg7 34.Bd3 Kf6 35.fxg4 hxg4 36.g3 Rd8
37.Bf1 Rh8 38.Kg1 Ra8 39.Re1 a5 40.Bg2 Ne7 41.bxa5 Rxa5 42.Rc3 Ra4 43.Rd1 Ra6
44.Re1 Ra4 45.Rce3 Bc8 46.Rd1 Bd7 47.Kf2 Nc8 48.Rc3 Nd6 49.Bxc6 Bxc6 50.Rxc6 Ne4+
51.Kf1 Rxa3 52.d5 Ng5 53.dxe6 Re3 54.Rd5 Nxe6 55.Rxb5 Re5 56.Rxe5 Kxe5 57.Kf2 Ng5
58.Rg6 Ne4+ 59.Ke3 Nf6 60.Rg7 Nd5+ 61.Kf2 Ke4 62.Ra7 Ke5 63.Ra4 Nc3 64.Rc4 Nd5
65.Ke2 Nb6 66.Rc7 Nd5 67.Rc8 Kd4 68.Re8 Nc3+ 69.Kf1 Nd5 70.Kf2 Nc3 71.Kg2 Nd5
72.h4 gxh3+ 73.Kxh3 Nf6 74.Re6 Ne4 75.Kg2 Ng5 76.Rg6 Ne4 77.Kf3 Ke5 78.Rc6 Nf6
79.Ra6 Nd5 80.Ra1 Kd4 81.Re1 Nf6 82.Kf4 Nh5+ 83.Kf3 Nf6 84.Ra1 Ke5 85.Ra6 Nd5
86.Ra8 Nf6 87.Ra1 Ng8 88.Re1+ Kf6 89.Re8 Ne7 90.Rd8 Ke5 91.Rd1 Nd5 92.Rh1 Kf6
93.Rh6+ Kg5 94.Ra6 Nf6 95.Ra5 Ng4 96.Ra7 Ne5+ 97.Kg2 Ng4 98.Ra8 Ne5 99.Kh3 Ng6
100.Ra5 Kf6 101.Kg2 Kg5 102.Kf3 Kf6 103.Rb5 Ne5+ 104.Ke3 Ng6 105.Ra5 Ne5
106.Ra6+ Kg5 107.Re6 Ng4+ 108.Kf3 Nf6 109.Re7 Nd5 110.Rg7+ Kf6 111.Rd7 Ne7
112.Rd6+ Kg5 113.Re6 Nd5 114.Ra6 Nf6 115.Ra5 Ng4  1/2-1/2

[Event "35th Nezhmetdinov Cup"]
[Site "Kazan RUS"]
[Date "2013.06.06"]
[Round "7.48"]
[White "Fedotov,Nikita2"]
[Black "Fedotov,Alexey"]
[Result "1/2-1/2"]
[WhiteElo "1973"]
[BlackElo "1861"]

1.d4 d5 2.c4 c6 3.Nf3 Nf6 4.Qb3 e6 5.Nc3 Be7 6.g3 O-O 7.Bg2 Nbd7 8.O-O b6
9.Bf4 Nh5 10.Be3 Bb7 11.Rac1 a6 12.a4 f5 13.Rfd1 Rb8 14.Ne5 Ba8 15.f3 Bd6
16.Nxd7 Qxd7 17.Bf2 f4 18.g4 Nf6 19.Rd2 c5 20.g5 dxc4 21.Qxc4 b5 22.axb5 axb5
23.Qa2 cxd4 24.gxf6 dxc3 25.bxc3 Bd5 26.Rxd5 exd5 27.Qxd5+ Rf7 28.fxg7 Ba3
29.Rd1 Qxd5 30.Rxd5 Rxg7 31.Bd4 Re7 32.Kf2 Rbe8 33.Rg5+ Kf8 34.Rf5+ Kg8 35.Rg5+ Kf7
36.Rf5+ Kg6 37.Rf6+ Kg5 38.h4+ Kxh4 39.Rxf4+ Kg5 40.Rg4+ Kf5 41.e4+ Ke6 42.Rg5 Rb8
43.Bf1 Reb7 44.Bh3+ Kf7 45.Rh5 Kg6 46.Rh4 h5 47.Be3 Rh8 48.Bf5+ Kf7 49.Bd4 Rh6
50.Be3 Rh8 51.Bd4 Rh6 52.e5 Be7 53.e6+ Ke8 54.Rxh5 Rxh5 55.Bg6+ Kf8 56.Bxh5 b4
57.cxb4 Rxb4 58.Be5 Bh4+ 59.Ke3 Ke7 60.Bf7 Bf6 61.Bg3 Ra4 62.Be1 Bh4 63.Bxh4+ Rxh4
64.f4 Kf6 65.Ke4 Rh1 66.Kd5 Rf1 67.Ke4 Ra1 68.Kd5 Ra4 69.f5 Ra5+ 70.Kd6 Rxf5
71.Kd7 Rd5+ 72.Kc6 Rd2 73.Kc7 Ke7 74.Kc6 Rd1 75.Kc5 Rc1+ 76.Kd5 Rc2 77.Ke5 Rc5+
78.Kd4 Ra5  1/2-1/2

[Event "35th Nezhmetdinov Cup"]
[Site "Kazan RUS"]
[Date "2013.06.08"]
[Round "9.41"]
[White "Fedotov,Nikita2"]
[Black "Bitkinin,L"]
[Result "1-0"]
[WhiteElo "1973"]
[BlackElo "2147"]

1.d4 d5 2.c4 c6 3.Nf3 Nf6 4.Qb3 e6 5.Nc3 Be7 6.g3 O-O 7.Bg2 b6 8.O-O Nbd7
9.Nd2 Bb7 10.e3 Qc7 11.a4 Rac8 12.a5 Rfd8 13.cxd5 exd5 14.e4 dxe4 15.Ndxe4 Nd5
16.Nxd5 cxd5 17.Nc3 Nf6 18.Bf4 Qc6 19.Bh3 Nd7 20.a6 Ba8 21.Nb5 Qf6 22.Bc7 Nf8
23.Bxd8 Rxd8 24.Rad1 Qh6 25.Bg2 Ne6 26.Nxa7 Ng5 27.Nb5 Ne4 28.Qc2 f5 29.Nc3 Ng5
30.Qxf5 Rf8 31.Qg4 Qf6 32.Nxd5 Bxd5 33.Bxd5+ Kh8 34.a7  1-0

[Event "36th Barbera Open"]
[Site "Barbera del Valles ESP"]
[Date "2013.07.05"]
[Round "2.17"]
[White "Cabrera,Ale"]
[Black "Aryan,C"]
[Result "1-0"]
[WhiteElo "2525"]
[BlackElo "2122"]

1.d4 d5 2.c4 c6 3.Nf3 Nf6 4.Nc3 e6 5.Qb3 dxc4 6.Qxc4 b5 7.Qb3 Nbd7 8.Bg5 Be7
9.g3 Bb7 10.Bg2 a6 11.Ne5 Nxe5 12.dxe5 Ng4 13.Bxe7 Qxe7 14.Ne4 Nxe5 15.Qc3 f6
16.Nc5 O-O 17.f4 Nc4 18.Nxb7 Qxb7 19.b3 Nd6 20.Qxc6 Qxc6 21.Bxc6 Rad8 22.Kf2 Kf7
23.Rhc1 Ke7 24.a4 b4 25.Rc5 Rb8 26.Rac1 Rfc8 27.g4 f5 28.g5 h6 29.h4 hxg5
30.hxg5 Kd8 31.Ke3 Ke7 32.Bf3 Kd7 33.Kd4 Rb6 34.Rxc8 Nxc8 35.Rh1 Ne7 36.Rh7 g6
37.Kc5 Rd6 38.a5 Rd2 39.Kxb4 Rd4+ 40.Kc5 Rxf4 41.b4 e5 42.Bb7 Rg4 43.Bxa6 Rxg5
44.Bb5+ Ke6 45.Bc4+ Kd7 46.a6 Rg1 47.a7 Ra1 48.Kb6 Kd6 49.Rxe7 Kxe7 50.Ba6  1-0

[Event "15th TCh-Eur Senior"]
[Site "Dresden GER"]
[Date "2013.07.23"]
[Round "4"]
[White "Neumann,Ho"]
[Black "Grevlund,Per"]
[Result "1/2-1/2"]
[WhiteElo "1908"]
[BlackElo "1952"]

1.d4 Nf6 2.c4 e6 3.Nc3 d5 4.Nf3 c6 5.Qb3 Be7 6.Bg5 Nbd7 7.e3 h6 8.Bf4 Nh5
9.Be5 Nxe5 10.dxe5 g6 11.Rd1 Qc7 12.Bd3 Ng7 13.O-O O-O 14.Qc2 Bd8 15.Rd2  1/2-1/2

[Event "Czech Open A 2013"]
[Site "Pardubice CZE"]
[Date "2013.07.27"]
[Round "9.10"]
[White "Debashis,D"]
[Black "Michalik,P"]
[Result "1-0"]
[WhiteElo "2478"]
[BlackElo "2579"]

1.d4 d5 2.c4 c6 3.Nf3 Nf6 4.Nc3 e6 5.Qb3 dxc4 6.Qxc4 b5 7.Qd3 b4 8.Ne4 Nbd7
9.Nxf6+ Nxf6 10.g3 Qb6 11.Bg2 Ba6 12.Qc2 Rc8 13.Bg5 h6 14.Bxf6 gxf6 15.O-O Be7
16.Rfe1 O-O 17.Qd2 Kg7 18.e4 Rcd8 19.b3 Rfe8 20.Rad1 Qb8 21.Bf1 Bb7 22.Bc4 Bf8
23.Re3 Kg8 24.Nh4 a5 25.Rd3 Qa8 26.Ng2 e5 27.Ne3 Bc8 28.d5 Bc5 29.dxc6 Rd4
30.Nd5 Kg7 31.Rxd4 Bxd4 32.Nc7 Qxc6 33.Nxe8+ Qxe8 34.Qe2 Kg6 35.Rc1 Qd7 36.Bxf7+  1-0

[Event "9th Tabor Open 2013"]
[Site "Tabor CZE"]
[Date "2013.07.30"]
[Round "4.31"]
[White "Matejka,R"]
[Black "Sykora,Ladislav"]
[Result "1/2-1/2"]
[WhiteElo "2020"]
[BlackElo "1874"]

1.d4 d5 2.c4 c6 3.Nc3 Nf6 4.Nf3 e6 5.Bf4 dxc4 6.Bxb8 Rxb8 7.Ne5 Nd7 8.Nxc4 Bb4
9.e3 b5 10.Nd2 O-O 11.Be2 e5 12.a3 Ba5 13.b4 exd4 14.exd4 Bb6 15.Nb3 Qg5
16.O-O Nf6 17.Bf3 Bg4 18.Ne4 Nxe4 19.Bxg4 Rbd8 20.Bf3 Rfe8 21.Qc2 Qd5 22.Nc5 f5
23.Rae1 Qxd4 24.Nxe4 fxe4 25.Bxe4 g6 26.Bxc6 Rxe1 27.Rxe1 Rf8 28.Bf3 Qd6
29.Qe4 Rd8 30.g3 Qd2 31.Rf1 Qa2 32.Bg4 Kg7 33.Qe5+ Kh6 34.Qf4+ Kg7 35.Qe5+ Kh6
36.Qf4+ Kg7 37.Qe5+  1/2-1/2

[Event "HZ Open 2013"]
[Site "Vlissingen NED"]
[Date "2013.08.10"]
[Round "9.4"]
[White "Lalith,B"]
[Black "Van Delft,M"]
[Result "1-0"]
[WhiteElo "2576"]
[BlackElo "2415"]

1.d4 d5 2.Nf3 Nf6 3.c4 c6 4.Nc3 e6 5.Qb3 dxc4 6.Qxc4 b5 7.Qd3 Bb7 8.e4 Nbd7
9.a3 a5 10.e5 Ng8 11.Be2 Ne7 12.O-O h6 13.Qc2 Qb6 14.Be3 Nd5 15.Nxd5 cxd5
16.Ne1 Be7 17.Nd3 Rc8 18.Qd2 b4 19.axb4 axb4 20.Nf4 Ra8 21.Rxa8+ Bxa8 22.Bd3 Bb7
23.Qe2 g6 24.Rc1 Nb8 25.Qg4 Kd7 26.Bb1 Rc8 27.Rxc8 Kxc8 28.Nd3 Bf8 29.Qf3 Qc7
30.Qf6 g5 31.h4 gxh4 32.Qh8 Qe7 33.Bxh6 Nd7 34.Qg8 Kc7 35.Bg5 Qe8 36.Nxb4 Qa8
37.Nc2 Qa6 38.Qxf7 h3 39.Qf3 hxg2 40.Kxg2 Qb5 41.Bc1 Ba6 42.Qc3+ Kb7 43.Ne3 Bb4
44.Qc2 Nb8 45.Qh7+ Ka8 46.Bg6 Be1 47.Qf7 Qb6 48.Nc2 Qb5 49.Nxe1 Qf1+ 50.Kh2 Qxe1
51.Be3 Be2 52.Qxe6 Bf3 53.Kg3 Qh1 54.Qh3 Qg1+ 55.Kxf3 Qxg6 56.Qg4 Qc2 57.Qe6 Qe4+
58.Kg3 Kb7 59.b4 Qh1 60.Qf7+ Kb6 61.Qf3  1-0

[Event "21st Troya Open 2013"]
[Site "Canakkale TUR"]
[Date "2013.08.18"]
[Round "3.7"]
[White "Rahmanov,S"]
[Black "Onem,C"]
[Result "1-0"]
[WhiteElo "2258"]
[BlackElo "1952"]

1.d4 d5 2.c4 c6 3.Nc3 Nf6 4.Nf3 e6 5.Bf4 Bb4 6.e3 Qa5 7.Qb3 Ne4 8.Rc1 O-O
9.Bd3 f5 10.O-O Nd7 11.cxd5 cxd5 12.Nb5 g5 13.Nxg5 Nd2 14.Qd1 e5 15.dxe5 Qb6
16.Nc7 Nc5 17.Nxd5  1-0

[Event "9th BDO Challenger"]
[Site "Haarlem NED"]
[Date "2013.08.23"]
[Round "7.5"]
[White "Akshat,Kh"]
[Black "Lahaye,R"]
[Result "1-0"]
[WhiteElo "2354"]
[BlackElo "2376"]

1.d4 d5 2.c4 c6 3.Nf3 Nf6 4.Nc3 e6 5.Qb3 Nbd7 6.Bg5 Be7 7.e3 a6 8.a4 O-O
9.Be2 dxc4 10.Qxc4 c5 11.O-O cxd4 12.exd4 Nb6 13.Qb3 Nfd5 14.Bd2 a5 15.Ne5 Nb4
16.Nb5 Bd7 17.Bf3 Bxb5 18.axb5 a4 19.Qd1 Qxd4 20.Qe2 N4d5 21.Bc3 Qc5 22.Bxd5 exd5
23.Nd3 Qxb5 24.Rad1 Rfe8 25.Qh5 Bf8 26.Ne5 f6 27.Ng4 Qc6 28.Rd3 d4 29.Bxd4 Qd5
30.Nxf6+ gxf6 31.Rg3+ Bg7 32.Qh6 Re7 33.Bxf6 Qd7 34.Bxe7 Qxe7 35.Qxb6 Kh8
36.Rd1 Rf8 37.h3 Qe2 38.Rd8 Qe1+ 39.Kh2 Qe7 40.Rxf8+  1-0

[Event "3rd Isthmia Open"]
[Site "Vrachati GRE"]
[Date "2013.08.25"]
[Round "9.7"]
[White "Debashis,D"]
[Black "Moutousis,K"]
[Result "1/2-1/2"]
[WhiteElo "2495"]
[BlackElo "2400"]

1.d4 d5 2.c4 c6 3.Nf3 Nf6 4.Nc3 e6 5.Qb3 dxc4 6.Qxc4 b5 7.Qd3 Bb7 8.e4 b4
9.Na4 Nbd7 10.Be3 Qa5 11.b3 Be7 12.Nd2 O-O 13.Rc1 Rfd8 14.Qc2 c5 15.dxc5 Rac8
16.Be2 Bc6 17.O-O Bxa4 18.bxa4 Nxc5 19.Bb5 Ng4 20.Bf4 e5 21.Bg3 a6 22.Be2 h5
23.Nc4 Qxa4 24.Qb1 Qb5 25.Rfe1 Qb7 26.h3 Nf6 27.Bxe5 Qxe4 28.Qxb4 Nd3 29.Bxd3 Bxb4
30.Rxe4 Rxd3 31.Bxf6 gxf6 32.Rb1 Bc5 33.Ne3 Bxe3 34.Rxe3 Rxe3 35.fxe3 Rc2
36.Rb6 Rxa2  1/2-1/2

[Event "11th Kesan Open"]
[Site "Edirne TUR"]
[Date "2013.08.30"]
[Round "8.14"]
[White "Rahmanov,S"]
[Black "Demir,Z"]
[Result "1-0"]
[WhiteElo "2258"]
[BlackElo "1952"]

1.d4 d5 2.c4 c6 3.Nc3 Nf6 4.Nf3 e6 5.Bf4 dxc4 6.e4 b5 7.Qc2 Bb7 8.Be2 Nbd7
9.O-O Be7 10.Rad1 a6 11.a4 O-O 12.Ne5 Qa5 13.g4 Rfd8 14.g5 Ne8 15.h4 Nxe5
16.Bxe5 Bd6 17.f4 b4 18.Nb1 c5 19.d5 exd5 20.exd5 Qc7 21.Qe4 g6 22.h5 Ng7
23.hxg6 hxg6 24.Bxc4 Re8 25.Rfe1 Rad8 26.Nd2 Qd7 27.Nf3 Nh5 28.Kf2 Bc8 29.Rh1 Qxa4
30.Rxh5 Bxe5 31.fxe5 Qxd1 32.Rh2 Bg4 33.Qxg4 Kg7 34.Qf4 Qc2+ 35.Kg3 Qf5 36.Qxf5 gxf5
37.Kf4 Rh8 38.Nh4 Kg8 39.d6 a5 40.g6  1-0

[Event "Petersburg Summer Rapid 2013"]
[Site "St Petersburg RUS"]
[Date "2013.08.31"]
[Round "3.3"]
[White "Sjugirov,S"]
[Black "Gordievsky,D"]
[Result "1-0"]
[WhiteElo "2635"]
[BlackElo "2455"]

1.d4 d5 2.c4 c6 3.Nf3 Nf6 4.Nc3 e6 5.Qb3 Nbd7 6.Bf4 Be7 7.e3 O-O 8.Be2 dxc4
9.Qxc4 c5 10.dxc5 Nxc5 11.Rd1 Qb6 12.b4 Na6 13.a3 Bd7 14.Be5 Rac8 15.Qf4 Rfd8
16.O-O Be8 17.Rxd8 Qxd8 18.Rd1 Qb6 19.Nd2 Nc7 20.Nc4 Qc6 21.Na5 Qb6 22.Bd4 e5
23.Qxe5 Qe6 24.Nxb7 Bc6 25.Na5 Ba8 26.Qxe6 Nxe6 27.Ba6 Rd8 28.Bxa7  1-0

[Event "Petersburg Summer Rapid 2013"]
[Site "St Petersburg RUS"]
[Date "2013.09.01"]
[Round "5.2"]
[White "Sjugirov,S"]
[Black "Pridorozhni,A"]
[Result "1/2-1/2"]
[WhiteElo "2635"]
[BlackElo "2516"]

1.d4 d5 2.c4 c6 3.Nf3 Nf6 4.Nc3 e6 5.Qb3 dxc4 6.Qxc4 b5 7.Qd3 a6 8.Bg5 c5
9.a4 b4 10.Ne4 cxd4 11.Nxd4 Bb7 12.Nxf6+ gxf6 13.Bh4  1/2-1/2

[Event "TCh-ROU w 2013"]
[Site "Mamaia ROU"]
[Date "2013.09.02"]
[Round "3.3"]
[White "Anusca,M"]
[Black "Berintan,T2"]
[Result "1/2-1/2"]
[WhiteElo "2042"]
[BlackElo "1849"]

1.d4 d5 2.c4 c6 3.Nc3 e6 4.Nf3 Nf6 5.Bf4 Bd6 6.Bg3 Bxg3 7.hxg3 Nbd7 8.e3 Qe7
9.cxd5 exd5 10.Bd3 Ne4 11.Bxe4 dxe4 12.Nd2 f5 13.g4 Nf6 14.gxf5 Bxf5 15.Qc2 O-O-O
16.O-O-O Kb8 17.Nc4 Nd5 18.Ne5 Nb4 19.Qb3 c5 20.Qf7 Qf8 21.Qxf8 Rhxf8 22.dxc5 Rde8
23.a3 Na6 24.Nc4 Nxc5 25.Nd6  1/2-1/2

[Event "17th Cesenatico Open"]
[Site "Cesenatico ITA"]
[Date "2013.09.08"]
[Round "9.8"]
[White "Peric,Sl"]
[Black "Barlocco,C"]
[Result "0-1"]
[WhiteElo "2197"]
[BlackElo "2093"]

1.d4 d5 2.Nf3 e6 3.c4 Nf6 4.Nc3 c6 5.Qb3 Nbd7 6.g3 Bd6 7.Bg2 O-O 8.O-O Re8
9.Rd1 a6 10.Nd2 Bf8 11.e4 dxc4 12.Nxc4 b5 13.Ne3 Bb7 14.g4 Qc7 15.e5 Nd5
16.Nexd5 cxd5 17.Bf1 Nb6 18.Bd3 Qe7 19.Qc2 Qh4 20.Qe2 g6 21.f4 Rac8 22.Be3 Nc4
23.Bf2 Qh3 24.Bg3 Be7 25.Rdc1 Bh4 26.Bxh4 Qxh4 27.Nd1 h5 28.Nf2 Kg7 29.b3 Na5
30.Rxc8 Rxc8 31.Rd1 hxg4 32.Qxg4 Qxg4+ 33.Nxg4 Rc3 34.Ne3 Nc6 35.Nc2 a5 36.Kf2 b4
37.Ke2 Ba6 38.Bxa6 Rxc2+ 39.Kf3 Rxa2 40.Bb5 Rc2 41.Kg4 Ne7 42.Ra1 Rc3 43.Rxa5 Rxb3
44.Ra7 Nf5 45.Bd7 Nh6+ 46.Kh4 Rd3 47.Bxe6 Rxd4 48.Kg3 b3 49.Rb7 b2 50.Bd7 Rd2
51.Bh3 Kf8 52.Rb8+ Ke7 53.Rb7+ Kd8 54.Rd7+ Ke8 55.Rb7 d4 56.e6 fxe6 57.Bxe6 d3
58.Kh4 Rxh2+ 59.Kg5 d2 60.Bd7+ Kd8 61.Ba4 Nf5 62.Kxg6 Ne3 63.f5 Rg2+ 64.Kf6 d1=Q
65.Bxd1 Nxd1 66.Rb8+ Kc7 67.Rb3 Ne3 68.Ke6 Re2 69.f6 Ng4+ 70.Kf5 Nxf6 71.Kxf6 Kd6
72.Kf5 Kd5 73.Kf4 Kc4 74.Rb8 Kc3 75.Rc8+ Kd2 76.Kf3  0-1

[Event "Satka Autumn 2013"]
[Site "Satka RUS"]
[Date "2013.09.09"]
[Round "7"]
[White "Shaydullina,S"]
[Black "Khafizova,Y"]
[Result "1-0"]
[WhiteElo "2128"]
[BlackElo "1955"]

1.d4 d5 2.c4 e6 3.Nc3 c6 4.Nf3 Nf6 5.Qb3 dxc4 6.Qxc4 b5 7.Qd3 Bb7 8.Bg5 Be7
9.e4 h6 10.Bxf6 Bxf6 11.Be2 O-O 12.O-O Nd7 13.Rfd1 Nb6 14.b4 a5 15.a3 Be7
16.Rab1 Nc4 17.d5 exd5 18.exd5 Nxa3 19.d6 Bf6 20.Rbc1 axb4 21.Ne4 Nc4 22.Nc5 Ba6
23.Qb3 Bc3 24.d7 Qe7 25.Nxa6 Qxe2 26.Nxb4 Bf6 27.Nxc6 Ra2 28.Rf1 Nd2 29.Nxd2 Rxd2
30.Rcd1 Bd8 31.Rde1 Qg4 32.Ne5 Qh5 33.Qb4 Rd5 34.Qe4 Rd6 35.Qb7 Rb6 36.Qd5 Bc7
37.Qc5 Bd8 38.Re4 b4 39.g4 Qg5 40.h4 Qf6 41.Nc6 Rxc6 42.Qxf8+ Kh7 43.Qxb4 Qxh4
44.Kg2 Bb6 45.Rf4 Rg6 46.Qe4 Qg5 47.Rc1 Qb5 48.Rxf7 Qb3 49.Rf8 Qa3 50.Rcc8 Qd6
51.Rh8+  1-0

[Event "1st League Cent-SRB 2013"]
[Site "Kragujevac SRB"]
[Date "2013.09.15"]
[Round "3.3"]
[White "Mladenovic,St"]
[Black "Kahrovic,M"]
[Result "1-0"]
[WhiteElo "2274"]
[BlackElo "2298"]

1.d4 Nf6 2.Nf3 e6 3.c4 d5 4.Nc3 c6 5.Qb3 Bd6 6.Bg5 h6 7.Bh4 dxc4 8.Qxc4 Nbd7
9.e4 Be7 10.Rd1 Qa5 11.Bd3 Qb4 12.Qxb4 Bxb4 13.O-O b6 14.e5 Nd5 15.Nxd5 cxd5
16.Rc1 g5 17.Bg3 Kd8 18.h4 g4 19.Nh2 h5 20.Rc2 Rg8 21.f3 gxf3 22.Rxf3 Be7
23.Be1 f5 24.Rg3 Rg4 25.Nxg4 hxg4 26.Re3 Nf8 27.Be2 Bd7 28.g3 a6 29.Rc1 Ra7
30.Rb3 b5 31.Ba5+ Ke8 32.Rbc3  1-0

[Event "1st League Cent-SRB 2013"]
[Site "Kragujevac SRB"]
[Date "2013.09.19"]
[Round "8.4"]
[White "Tosic,M"]
[Black "Atalik,S"]
[Result "0-1"]
[WhiteElo "2412"]
[BlackElo "2566"]

1.Nf3 d5 2.d4 Nf6 3.c4 e6 4.Nc3 c6 5.Qb3 Nbd7 6.Bg5 h6 7.Bxf6 Nxf6 8.e3 g6
9.Be2 Bg7 10.O-O O-O 11.Rfd1 Qb6 12.Qc2 Bd7 13.Rac1 Rfd8 14.Na4 Qc7 15.Nc5 Be8
16.b4 a5 17.b5 cxb5 18.cxb5 Rdc8 19.Qb1 Qe7 20.Bd3 Nh7 21.Qb3 Nf8 22.Rc2 Rc7
23.Rdc1 Rac8 24.h3 Bf6 25.a4 Bg7 26.g3 f5 27.Bf1 e5 28.b6 Rc6 29.Bb5 Rxb6
30.Nxe5 Bxe5 31.Qxd5+ Kh7 32.dxe5 Bxb5 33.axb5 Rxb5 34.Qd4 b6 35.Nd3 Rxc2
36.Rxc2 Rb1+ 37.Kg2 Rd1 38.Qd5 Ne6 39.Rc3 Nc5 40.e6 Nxd3 41.Kh2 Nxf2  0-1

[Event "Baku Open 2013"]
[Site "Baku AZE"]
[Date "2013.09.21"]
[Round "3.20"]
[White "Mirzoev,A"]
[Black "Abdulov,Or"]
[Result "0-1"]
[WhiteElo "2544"]
[BlackElo "2356"]

1.d4 d5 2.Nf3 Nf6 3.c4 c6 4.Qb3 e6 5.Nc3 Nbd7 6.Bg5 h6 7.Bh4 dxc4 8.Qxc4 Qb6
9.Rb1 Nd5 10.Nd2 Nxc3 11.bxc3 Qa5 12.e3 e5 13.Qb3 exd4 14.exd4 Nb6 15.c4 g5
16.Bg3 Bg7 17.c5 Nd5 18.Bd6 Kd8 19.Bd3 Re8+ 20.Kd1 Bxd4 21.Kc2 b5 22.cxb6 axb6
23.a3 b5 24.Nf3 Bc3 25.Kc1 g4 26.Nh4 Bd2+ 27.Kb2 Bg5 28.g3 Qd2+ 29.Qc2 Bf6+
30.Kb3 Qa5 31.Rbc1 Be6 32.Bf5 Nb4+ 33.Bxe6 Qxa3+  0-1

[Event "Baku Open 2013"]
[Site "Baku AZE"]
[Date "2013.09.26"]
[Round "8.16"]
[White "Jumabayev,R"]
[Black "Pourramezanali,A"]
[Result "1-0"]
[WhiteElo "2562"]
[BlackElo "2455"]

1.c4 Nf6 2.d4 c6 3.Nf3 d5 4.Qb3 e6 5.Nc3 Nbd7 6.g3 Be7 7.Bg2 O-O 8.O-O b6
9.Bf4 Ba6 10.cxd5 Nxd5 11.Qa4 Nxf4 12.gxf4 Bb7 13.Rfd1 Qc7 14.e3 c5 15.d5 exd5
16.Nxd5 Bxd5 17.Rxd5 Nf6 18.Rd2 Rad8 19.Rad1 Rxd2 20.Rxd2 Rd8 21.Rxd8+ Bxd8
22.Ne5 Kf8 23.Bf1 Ne8 24.Nd7+ Ke7 25.Qe4+ Kxd7 26.Bb5+ Kc8 27.Qa8+ Qb8 28.Bd7+ Kxd7
29.Qxb8 a5 30.Qb7+ Bc7 31.Qd5+ Nd6 32.e4 Ke7 33.Qc6 Ne8 34.e5  1-0

[Event "Grand Open Blagoevgrad 2013"]
[Site "Blagoevgrad BUL"]
[Date "2013.09.29"]
[Round "2.11"]
[White "Cvetkovic,Sr"]
[Black "Asparuhov,P"]
[Result "1-0"]
[WhiteElo "2360"]
[BlackElo "2104"]

1.c4 e6 2.Nc3 d5 3.d4 c6 4.Qb3 Nf6 5.Nf3 Be7 6.Bg5 Nbd7 7.e3 O-O 8.Be2 h6
9.Bh4 Nh7 10.Bg3 Nhf6 11.h3 Qa5 12.O-O Ne4 13.Nxe4 dxe4 14.Ne5 Nf6 15.Rfd1 Qb6
16.Qc2 a5 17.c5 Qd8 18.Nc4 Nd5 19.Qxe4 f5 20.Qc2 f4 21.exf4 Bh4 22.Bxh4 Qxh4
23.g3 Qxh3 24.Ne5 Nf6 25.Bf1 Qh5 26.Qg6 Qxg6 27.Nxg6 Re8 28.Bc4 Nd5 29.Bxd5 exd5
30.Re1 Kf7 31.Ne5+ Kf6 32.g4 g6 33.f3 Rg8 34.Kf2 Be6 35.Nxg6 Bxg4 36.fxg4 Rxg6
37.Kf3 Rag8 38.Rg1 Re8 39.Rae1 Rxe1 40.Rxe1 Rg8 41.Rh1 Kg6 42.f5+ Kg7 43.Re1 Kf7
44.Kf4 Rf8 45.Re6 Rh8 46.Ke5 h5 47.g5 h4 48.g6+ Kf8 49.f6 Rh5+ 50.Kf4 h3
51.g7+ Kf7 52.Re7+ Kxf6 53.g8=Q Kxe7 54.Qg7+ Kd8 55.Qf8+  1-0

[Event "23rd EYCC Open U16 2013"]
[Site "Budva MNE"]
[Date "2013.10.03"]
[Round "5.37"]
[White "Redman,David J"]
[Black "Chistiakov,Mihail"]
[Result "1/2-1/2"]
[WhiteElo "1797"]
[BlackElo "1927"]

1.d4 d5 2.c4 e6 3.Nf3 c6 4.Nc3 Nf6 5.Qb3 Nbd7 6.Bg5 Be7 7.e3 O-O 8.Bd3 dxc4
9.Qxc4 h6 10.Bh4 Nd5 11.Bxe7 Qxe7 12.O-O N5b6 13.Qb3 e5 14.Nxe5 Nxe5 15.dxe5 Qxe5
16.Qc2 Rd8 17.Rae1 Qc5 18.Kh1 Nd5 19.Nxd5 Qxc2 20.Bxc2 Rxd5 21.Bb3 Rd8 22.Rd1 Be6
23.Bxe6 fxe6 24.g3 Kf8 25.Kg2 Ke7 26.Kf3 Rf8+ 27.Ke2 Rad8 28.h4 h5 29.f3 a6
30.e4 c5 31.Ke3 b5 32.b3 g6 33.Rxd8 Rxd8 34.Rc1 Kd6 35.Rd1+ Ke7 36.Rc1 Kd6
37.Rd1+ Kc7 38.Rc1 Kd6 39.Rd1+ Ke7 40.Rc1 Kd6 41.Rd1+  1/2-1/2

[Event "TCh-ISL Div1 2013-14"]
[Site "Reykjavik ISL"]
[Date "2013.10.12"]
[Round "4.3"]
[White "Thorsteinsson,T"]
[Black "Haraldsson,Si"]
[Result "1-0"]
[WhiteElo "2243"]
[BlackElo "1846"]

1.d4 d5 2.c4 c6 3.Nf3 Nf6 4.Qb3 e6 5.Nc3 Be7 6.Bg5 O-O 7.e3 h6 8.Bh4 Nbd7
9.cxd5 exd5 10.Bd3 Ne4 11.Bg3 Nxg3 12.hxg3 b6 13.O-O Bb7 14.Rad1 Bf6 15.a3 b5
16.a4 a6 17.e4 dxe4 18.Nxe4 Qc7 19.Rc1 Qb6 20.Nd6 c5 21.Nxb7 Qxb7 22.dxc5 Qc7
23.c6 Ne5 24.Nxe5 Bxe5 25.axb5 Rab8 26.Rc5 axb5 27.Qd5 Bxb2 28.Rb1 Rbd8 29.Qe4 f5
30.Qe6+ Kh8 31.Rxf5 Rf6 32.Qe4 Rxd3 33.Rxf6 Bxf6 34.Qxd3 Qxc6 35.Qxb5 Qc2
36.Re1 Qc3 37.Re8+ Kh7 38.Qf5+ g6 39.Qe6 h5 40.Qf7+ Bg7 41.Re7 Kh6 42.Kh2 Qd4
43.Rd7 Qc3 44.Kh3 h4 45.Qxg7+ Qxg7 46.Rxg7  1-0

[Event "Chennai WGM 2013"]
[Site "Chennai IND"]
[Date "2013.11.09"]
[Round "5.3"]
[White "Purtseladze,M"]
[Black "Guramishvili,S"]
[Result "1/2-1/2"]
[WhiteElo "2374"]
[BlackElo "2441"]

1.d4 d5 2.c4 c6 3.Nf3 e6 4.Qb3 Nf6 5.Nc3 Nbd7 6.Bg5 Qa5 7.Bd2 Qd8 8.g3 b6
9.Bg2 Bd6 10.cxd5 exd5 11.Qa4 Bb7 12.O-O O-O 13.Rfc1 Re8 14.e3 Ne4 15.Be1 Ndf6
16.Ne2 h5 17.Qd1 Rc8 18.b4 Qe7 19.Qa4 Bb8 20.b5 c5 21.Qb3 c4 22.Qb2 g5 23.Ne5 Bxe5
24.dxe5 Qxe5 25.Qxe5 Rxe5 26.a4 Nd7 27.a5 Ndc5 28.a6 Ba8 29.Nd4 g4 30.Bc3 Ree8
31.Bxe4 Nxe4 32.Nf5 Kh7 33.Nd4 Kg6 34.Kg2 Nc5 35.Rab1 Ne4 36.Rc2 Ng5 37.h4 gxh3+
38.Kh2 Re4 39.Re2 f6 40.Rbb2 Rh8 41.f4 Nf7 42.Rb1 Nh6 43.Kxh3 Rhe8 44.Rbe1 Ng4
45.Bd2 Nh6 46.Bc3 Kf7 47.Kg2 Ng4 48.Kf3 R4e7 49.Bb4 Rc7 50.Bc3 Rce7 51.Bb4 Re4
52.Bc3 Kg6 53.Bb2 f5 54.Bc3 R4e7 55.Bb4 Rh7 56.Rh1 Nf6 57.Bd6 Rd7 58.Be5 Ng4
59.Rh4 Rde7 60.Re1 Nxe5+ 61.fxe5 Rxe5 62.Re2 Re4 63.Rf4 Rh8 64.Rh2 Rhe8 65.Re2 R4e5
66.Kf2 Re4 67.Kf3 Rh8 68.Rh2 Rhe8 69.Re2 Rh8  1/2-1/2